| 000 | 00707nam a2200229 a 4500 | ||
|---|---|---|---|
| 005 | 20210223125222.0 | ||
| 008 | 031110s2001 mx r 000 0 spa d | ||
| 020 | _a8484880060 | ||
| 035 | _aUPN01000130848 | ||
| 049 | _aI | ||
| 050 | 4 |
_aPN4390 _bK5.3 |
|
| 100 | 1 | _aKnight, Joan MacPhail | |
| 245 | 1 | 0 |
_aCharlotte en Giverny / _cJoan Macphail Knight ; il. Melissa Sweet ; tr. Miguel Angel Mendo. |
| 260 |
_aBarcelona : _bSerres, _c2001. |
||
| 300 | _a[62] p. | ||
| 534 |
_pTraducción de: _tCharlotte in Giverny |
||
| 650 | 4 |
_aDIARIOS INTIMOS _915923 |
|
| 651 | 4 |
_aFRANCIA - _xDESCRIPCION Y VIAJES |
|
| 650 | 4 |
_aIMPRESIONISMO (ARTE)- _zFRANCIA |
|
| 700 | 1 |
_aSweet, Melissa, _eil. |
|
| 905 | _aInfantil | ||
| 999 |
_c103005 _d103005 |
||